书目信息 |
| 题名: |
外科学
|
|
| 作者: | 黄家驷 , 吴阶平 主编 | |
| 分册: | 下册 | |
| 出版信息: | 北京 人民卫生出版社 1979.10 |
|
| 页数: | 913页 | |
| 开本: | 26cm | |
| 丛书名: | ||
| 单 册: | ||
| 中图分类: | R6 | |
| 科图分类: | ||
| 主题词: | 外科学 | |
| 电子资源: | ||
| ISBN: | ||
| 000 | 00512nam0 2200193 45 | |
| 001 | 0405211533 | |
| 005 | 20060818173452.21 | |
| 010 | @dCNY4.80 | |
| 100 | @a20040521d1979 km y0chiy0120 ea | |
| 101 | 0 | @achi |
| 200 | 1 | @a外科学@AWai Ke Xue@h下册@f黄家驷,吴阶平主编@FHuang Jia Si,Wu Jie Ping Zhu Bian |
| 210 | @a北京@c人民卫生出版社@d1979.10 | |
| 215 | @a913页@d26cm | |
| 606 | 0 | @a外科学 |
| 690 | @aR6@v3 | |
| 701 | 0 | @a黄家驷@4主编 |
| 701 | 0 | @a吴阶平@4主编 |
| 801 | @aCN@bPftUser@c20060818 | |
| 905 | @dR6@e1:2 | |
| 外科学.下册/黄家驷,吴阶平主编.-北京:人民卫生出版社,1979.10 |
| 913页;26cm |
| ISBN :CNY4.80 |
| ● |
| 相关链接 |
|
|
|
|
正题名:外科学
索取号:R6/1:2
 
预约/预借
| 序号 | 登录号 | 条形码 | 馆藏地/架位号 | 状态 | 备注 |
| 1 | 0020697 | 000715480 | 第二样本阅览室/ [索取号:R6/1:2] | 在馆 | |
| 2 | 0420011 | 204200113 | 密集书库/ [索取号:R6/1:2] | 在馆 | |
| 3 | 0458886 | 204588865 | 密集书库/ [索取号:R6/1:2] | 在馆 |